Port Scanner - A method for prevention of advanced persistent threats (Record no. 5000)

MARC details
000 -LEADER
fixed length control field 00609nam a22001697a 4500
003 - CONTROL NUMBER IDENTIFIER
control field OSt
005 - DATE AND TIME OF LATEST TRANSACTION
control field 20220107122809.0
008 - FIXED-LENGTH DATA ELEMENTS--GENERAL INFORMATION
fixed length control field 160317b xxu||||| |||| 00| 0 eng d
040 ## - CATALOGING SOURCE
Transcribing agency
100 ## - MAIN ENTRY--PERSONAL NAME
Personal name Anna Roselu Joseph (93613005)
9 (RLIN) 8548
245 ## - TITLE STATEMENT
Title Port Scanner - A method for prevention of advanced persistent threats
502 ## - DISSERTATION NOTE
Degree type Master of Science in Computer Science and Information security
Name of granting institution 2013-2015
Year degree granted EXT
-- K Pradeep Kumar
-- Anil Prabhakar (Professor)
Miscellaneous information "IIT- Madras"
650 ## - SUBJECT ADDED ENTRY--TOPICAL TERM
Topical term or geographic name entry element INTERNET TOPOLOGY
9 (RLIN) 8549
650 ## - SUBJECT ADDED ENTRY--TOPICAL TERM
Topical term or geographic name entry element INTERNET PROTOCOL
9 (RLIN) 8550
650 ## - SUBJECT ADDED ENTRY--TOPICAL TERM
Topical term or geographic name entry element INFORMATION SECURITY
9 (RLIN) 8551
942 ## - ADDED ENTRY ELEMENTS (KOHA)
Source of classification or shelving scheme Dewey Decimal Classification
Koha item type
Holdings
Withdrawn status Lost status Source of classification or shelving scheme Damaged status Not for loan Home library Current library Date acquired Total Checkouts Barcode Date last seen Price effective from Koha item type
    Dewey Decimal Classification     IIITM-K Kerala University of Digital Sciences, Innovation and Technology Knowledge Centre 17/03/2016   R-704 17/03/2016 17/03/2016 Project Reports